Προοπτικές και προβλήματα επαναχρησιμοποίησης επεξεργασμένων παραγόμενων εκροών των εγκαταστάσεων επεξεργασίας λυμάτων πόλεως Αγρινίου : μεταπτυχιακή διατριβή

Αποθηκεύτηκε σε:
Λεπτομέρειες βιβλιογραφικής εγγραφής
Κύριος συγγραφέας: Παρθένη, Σαβούλα
Συγγραφή απο Οργανισμό/Αρχή: Πανεπιστήμιο Αιγαίου Σχολή Περιβάλλοντος Τμήμα Περιβάλλοντος Θεοφράστειο Πρόγραμμα Μεταπτυχιακών Σπουδών Περιβαλλοντική και Οικολογική Μηχανική
Μορφή: Thesis Βιβλίο
Γλώσσα:Greek
Δημοσίευση: 2008.
Θέματα:
Διαθέσιμο Online:http://hdl.handle.net/11610/14866
Ετικέτες: Προσθήκη ετικέτας
Δεν υπάρχουν, Καταχωρήστε ετικέτα πρώτοι!

MARC

LEADER 00000cam a2200000 i 4500
001 1/1201
008 090831s2007 gr | ||| |||| ||gre||
035 |l 10105509 
040 |a GR-MyUa  |b gre  |e AACR2 
041 0 |a gre 
082 7 |a 628.3   |2 (22) 
100 1 |a Παρθένη, Σαβούλα. 
245 1 0 |a Προοπτικές και προβλήματα επαναχρησιμοποίησης επεξεργασμένων παραγόμενων εκροών των εγκαταστάσεων επεξεργασίας λυμάτων πόλεως Αγρινίου :   |b μεταπτυχιακή διατριβή /   |c επιμέλεια: Παρθένη Σαβούλα ; επιβλέπων καθηγητής: Λέκκας Θ. 
260 |c 2008. 
300 |a 157 σ. :   |b πιν. ;   |c 30 εκ. 
502 |a Διατριβή (μεταπτυχιακή) – Πανεπιστήμιο Αιγαίου, Λέσβος, 2007. 
650 0 0 |a Sewage disposal plants  |z Greece  |z Agrinion. 
650 0 0 |a Effluent quality. 
650 0 0 |a Sewage irrigation. 
650 0 0 |a Water reuse. 
650 0 0 |a Dissertations, Academic  |z Greece. 
700 1 |a Λέκκας, Θεμιστοκλής Δ.  |e dgs 
710 2 |a Πανεπιστήμιο Αιγαίου  |b Σχολή Περιβάλλοντος  |b Τμήμα Περιβάλλοντος  |b Θεοφράστειο Πρόγραμμα Μεταπτυχιακών Σπουδών Περιβαλλοντική και Οικολογική Μηχανική. 
852 |a INST  |b LESVOS  |c DIATR  |e 20090831  |h 133  |p 005100046717  |q 005100046717  |t MTXE  |y 23 
852 |a INST  |b LESVOS  |c DIATR  |e 20090831  |h 134  |p 005100046686  |q 005100046686  |t MTXE  |y 23 
856 |u http://hdl.handle.net/11610/14866 
901 |a BIBL1-2009-2 
924 |a Παρθένη  |b Σαβούλα  |y Λέσβος  |z 2007-10 
970 |a ΤΖΑΦΕΡΗ  |b ΕΥΑΓΓΕΛΙΑ  |z 2009/08/31